[Event "R1 - Blaye / Castel"]
[Site "VILLENEUVE TOLOSANE"]
[Date "2007.04.01"]
[Round "7"]
[White "Haddab, Roland"]
[Black "Gayraud, Christian"]
[Result "1-0"]
[WhiteElo "1680"]
[BlackElo "1560"]
[EventDate "2007.??.??"]
[PlyCount "97"]

1.e4 d5 2.exd5 Nf6 3.d4 Bg4 4.Be2 Bxe2 5.Qxe2 c6 6.Nf3 Nxd5 7.O-O e6 8.c4 
Nf6 9.Bg5 Be7 10.Nc3 O-O 11.Rad1 Re8 12.Rfe1 Na6 13.Bxf6 Bxf6 14.Ne4 Nc7 
15.b3 Be7 16.Qb2 Rb8 17.Re3 a5 18.Red3 b5 19.Qe2 bxc4 20.bxc4 Rb4 21.Ne5 
Qa8 22.Qf3 f6 23.Nxc6 Rxc4 24.Nxe7+ Rxe7 25.Qe2 Nd5 26.Rb3 Rcc7 27.Rdb1 
Rb7 28.h3 Rxb3 29.Rxb3 Nf4 30.Qf3 Nd5 31.Qg3 Rb7 32.Qd6 Rxb3 33.Qxe6+ Kh8 
34.axb3 h6 35.Nd6 Kh7 36.Qe4+ Kg8 37.Nf5 Qd8 38.Qxd5+ Qxd5 39.Ne7+ Kf7 40.
Nxd5 Ke6 41.Nf4+ Kd6 42.Kf1 g5 43.Ne2 Kd5 44.Ke1 f5 45.Kd2 h5 46.Kd3 h4 
47.f3 Kd6 48.Kc4 Kc6 49.Nc3 1-0

[Event "R1 - Blaye / Castel"]
[Site "VILLENEUVE TOLOSANE"]
[Date "2007.04.01"]
[Round "7"]
[White "Devals, Nicolas"]
[Black "Vainguier, Guillaume"]
[Result "1/2-1/2"]
[WhiteElo "1830"]
[BlackElo "1840"]
[EventDate "2007.??.??"]
[PlyCount "113"]

1.e4 e5 2.Nf3 Nc6 3.Bb5 a6 4.Ba4 Nf6 5.O-O d6 6.c3 Be7 7.Re1 O-O 8.h3 b5 
9.Bc2 Bb7 10.d4 exd4 11.cxd4 Nb4 12.Nbd2 Re8 13.Bb3 c5 14.a3 Nd3 15.Re3 
Nf4 16.d5 h6 17.Nf1 Nh7 18.Re1 Ng6 19.Ng3 Bf6 20.Rb1 Ng5 21.Bd2 Ne5 22.
Nxe5 Bxe5 23.Nf5 Qf6 24.Bxg5 Qxg5 25.Bc2 Bc8 26.Qf3 g6 27.h4 Qf4 28.Qxf4 
Bxf4 29.Ne3 Be5 30.b3 a5 31.a4 Ba6 32.axb5 Bxb5 33.Rec1 Rab8 34.Nc4 Bxc4 
35.bxc4 Rb4 36.Rxb4 axb4 37.f3 Ra8 38.Bb3 Kf8 39.Kf2 Ke7 40.g3 Kf6 41.f4 
Bd4+ 42.Kf3 g5 43.fxg5+ hxg5 44.h5 Ke5 45.g4 Ra1 46.Rxa1 Bxa1 47.Ke3 Bb2 
48.Kf3 Bc1 49.h6 Kf6 50.h7 Kg7 51.h8=Q+ Kxh8 52.e5 Bf4 53.e6 fxe6 54.dxe6 
Kg7 55.Ke4 Kf6 56.Kd5 Ke7 57.Bc2 1/2-1/2

[Event "R1 - Blaye / Castel"]
[Site "VILLENEUVE TOLOSANE"]
[Date "2007.04.01"]
[Round "7"]
[White "Arlabosse, Nicolas"]
[Black "Sangoi, Jean-Jacques"]
[Result "1-0"]
[WhiteElo "1884"]
[BlackElo "1820"]
[EventDate "2007.??.??"]
[PlyCount "45"]

1.e4 c5 2.Nf3 d6 3.d4 cxd4 4.Nxd4 Nc6 5.Nc3 a6 6.Bc4 e6 7.Be3 Qc7 8.Bb3 
Nf6 9.Qe2 Be7 10.O-O-O Bd7 11.g4 Nxd4 12.Rxd4 e5 13.Rc4 Qb8 14.g5 b5 15.
gxf6 bxc4 16.Qxc4 Be6 17.Ba4+ Kf8 18.fxg7+ Kxg7 19.Nd5 Bxd5 20.Qxd5 Qc8 
21.Bb3 Rf8 22.Rd1 Rb8 23.Bg5 1-0

[Event "N4"]
[Site "Boomscud"]
[Date "2007.04.01"]
[Round "7.7"]
[White "Prest, Arnaud"]
[Black "Baumgartner, Georges"]
[Result "0-1"]
[WhiteElo "1530"]
[BlackElo "1720"]
[EventDate "2007.??.??"]
[PlyCount "104"]

1.e4 e5 2.Nf3 Nc6 3.Bb5 a6 4.Ba4 Nf6 5.d3 Be7 6.O-O b5 7.Bb3 O-O 8.c3 d6 
9.Re1 Bg4 10.Nbd2 Na5 11.Bc2 c5 12.h3 Bh5 13.g4 Bg6 14.Nf1 Qd7 15.N1h2 
Rac8 16.Nh4 Nc6 17.Nf5 Nd8 18.Nf1 Ne6 19.N1g3 Bd8 20.f3 Ne8 21.Rf1 Bb6 22.
Kh1 Bc7 23.a4 b4 24.c4 a5 25.b3 Nd4 26.Nxd4 cxd4 27.f4 exf4 28.Bxf4 Bd8 
29.Nf5 Bxf5 30.gxf5 Qe7 31.Qg4 Qh4 32.Qxh4 Bxh4 33.Bd1 Bf6 34.Bg4 Rc7 35.
Rac1 Be5 36.Bxe5 dxe5 37.c5 Rc6 38.h4 Nf6 39.Bf3 Rfc8 40.Rc4 Rxc5 41.Rfc1 
Rxc4 42.bxc4 Nd7 43.Bd1 Nc5 44.Bc2 b3 45.Bd1 Rb8 46.Rb1 Kf8 47.Kg2 b2 48.
Kf3 Nxd3 49.Bc2 Nc5 50.Ke2 Rb4 51.Bd3 Nxa4 52.Kd2 Nc3 0-1

[Event "N4"]
[Site "Boomscud"]
[Date "2007.04.01"]
[Round "7.6"]
[White "Lehman, Denis"]
[Black "Trier, Marc"]
[Result "1-0"]
[WhiteElo "1720"]
[BlackElo "1620"]
[EventDate "2007.??.??"]
[PlyCount "67"]

1.d4 Nf6 2.Bf4 d6 3.Nf3 Nbd7 4.e3 g6 5.Bd3 Bg7 6.Nbd2 O-O 7.c4 a5 8.h3 c5 
9.dxc5 Nxc5 10.Bc2 Nh5 11.Bh2 Bxb2 12.Rb1 Bc3 13.O-O Bd7 14.Ne4 Bc6 15.
Nxc3 Qd7 16.Nd4 Rfc8 17.Nxc6 Rxc6 18.Ne4 Rac8 19.Nxc5 Rxc5 20.Be4 R8c7 21.
Qf3 Rxc4 22.Bd5 Nf6 23.Bxc4 Rxc4 24.Rxb7 Qe6 25.Ra7 Ne4 26.Rd1 Rc2 27.Bg3 
Rxa2 28.Qg4 f5 29.Qh4 Nf6 30.Qh6 Qe4 31.Rc1 Nh5 32.Rc8+ Kf7 33.Qf8+ Ke6 
34.Rxe7+ 1-0

[Event "N4"]
[Site "Boomscud"]
[Date "2007.04.01"]
[Round "7.5"]
[White "Boulogne, Laurent"]
[Black "Carassus, Jean-Louis"]
[Result "1/2-1/2"]
[WhiteElo "1820"]
[BlackElo "1800"]
[EventDate "2007.??.??"]
[PlyCount "112"]

1.c4 c5 2.g3 g6 3.Bg2 Bg7 4.Nc3 Nc6 5.Nf3 Nf6 6.O-O O-O 7.e4 d6 8.d3 Bg4 
9.h3 Bd7 10.Be3 Qc8 11.Kh2 h5 12.Qd2 Ne5 13.Nh4 Kh7 14.f4 Nc6 15.Rf2 Ng8 
16.Nf3 f6 17.Raf1 Bh6 18.Nh4 Nd4 19.f5 g5 20.Ng6 Rf7 21.g4 h4 22.Nd5 Rg7 
23.b4 Be8 24.Nf8+ Kh8 25.Bxd4 cxd4 26.Qb2 Bf7 27.Ng6+ Bxg6 28.fxg6 Rxg6 
29.Qxd4 Bg7 30.Qe3 Qd8 31.Qd2 Qd7 32.Ne3 e6 33.d4 Rf8 34.c5 Rd8 35.d5 dxc5
36.Kh1 cxb4 37.Qxb4 Bf8 38.Qb3 e5 39.Rc1 Rc8 40.Rfc2 Rxc2 41.Rxc2 b6 42.
Bf1 Bc5 43.Bb5 Qd8 44.Nc4 Rg7 45.Na5 Ne7 46.Nb7 Qc7 47.Nxc5 bxc5 48.Qa3 
Qb6 49.Rxc5 a6 50.Bd3 Rg8 51.Qc3 Rd8 52.Bc2 Kg7 53.Rc7 Kf8 54.Bb3 Qf2 55.
Bc4 Rb8 56.Bb3 Qf1+ 1/2-1/2

[Event "N4"]
[Site "Boomscud"]
[Date "2007.04.01"]
[Round "7.4"]
[White "Bunjaku, Rijard"]
[Black "Moreau, Emilien"]
[Result "1-0"]
[WhiteElo "1870"]
[BlackElo "1830"]
[EventDate "2007.??.??"]
[PlyCount "69"]

1.e4 c5 2.Nf3 Nc6 3.b3 d6 4.Bb2 e5 5.Nc3 Nge7 6.Bc4 Ng6 7.h3 Be7 8.Nd5 O-O
9.c3 Kh8 10.d4 f5 11.Bd3 Nf4 12.Nxf4 exf4 13.e5 cxd4 14.cxd4 dxe5 15.dxe5 
Bb4+ 16.Ke2 Re8 17.a3 Bc5 18.Re1 Qb6 19.Kf1 Bxf2 20.Re2 Be3 21.Qc2 Be6 22.
b4 Rac8 23.Qb1 Nd4 24.Rxe3 fxe3 25.Bxd4 Qd8 26.Bxf5 Bxf5 27.Qxf5 Rf8 28.
Qe4 Rc4 29.Rd1 e2+ 30.Kxe2 Qe8 31.Qd3 Rc8 32.Bxa7 Qa4 33.Bd4 Rfd8 34.Ng5 
Rxd4 35.Qxh7# 1-0

[Event "N4"]
[Site "Boomscud"]
[Date "2007.04.01"]
[Round "7.3"]
[White "Lacresse, Régis"]
[Black "Varmot, Jean-Jacques"]
[Result "1/2-1/2"]
[WhiteElo "1880"]
[BlackElo "1900"]
[EventDate "2007.??.??"]
[PlyCount "102"]

1.c4 e5 2.Nc3 Nf6 3.a3 a5 4.g3 Nc6 5.Bg2 Bc5 6.d3 h6 7.Nf3 O-O 8.O-O d6 9.
Bd2 Ne7 10.Qc2 c6 11.Na4 Ba7 12.c5 Bb8 13.Nb6 Ra6 14.cxd6 Bxd6 15.Nc4 Ng6 
16.Nxd6 Qxd6 17.b4 Rd8 18.bxa5 Nd5 19.Rab1 c5 20.Rb5 Rc6 21.Rc1 c4 22.d4 
c3 23.Be1 e4 24.Ne5 Nxe5 25.dxe5 Qxa3 26.Rd1 Rc5 27.Rxc5 Qxc5 28.Bxe4 Qxa5
29.Rxd5 Rxd5 30.Bxc3 Qc5 31.Bxd5 Qxd5 32.e4 Qc6 33.Qd3 Bh3 34.Qe3 Qc4 35.
Qe1 Qd3 36.f4 Qf3 37.Qf2 Qxe4 38.Ba1 b5 39.g4 Bxg4 40.Qg3 Be6 41.h4 b4 42.
Qf2 b3 43.Bc3 Bd5 44.Kh2 Qh1+ 45.Kg3 Be6 46.f5 Bd5 47.Bb2 Qe4 48.Kh2 Qc2 
49.Kg3 Be4 50.Qxc2 bxc2 51.Kf4 Bd3 1/2-1/2

[Event "N4"]
[Site "Boomscud"]
[Date "2007.04.01"]
[Round "7.2"]
[White "Rich, Philippe"]
[Black "Vialaret, Laurent"]
[Result "1-0"]
[WhiteElo "2045"]
[BlackElo "2088"]
[EventDate "2007.??.??"]
[PlyCount "71"]

1.e4 e5 2.Nf3 Nc6 3.d4 d6 4.dxe5 Nxe5 5.Nxe5 dxe5 6.Qxd8+ Kxd8 7.Bc4 f6 8.
O-O c6 9.Be3 Kc7 10.Nc3 b5 11.Bb3 a5 12.a4 b4 13.Na2 Nh6 14.f3 Be7 15.Rfd1
f5 16.exf5 Nxf5 17.Bf2 Nd4 18.Nc1 Bf5 19.Bxd4 exd4 20.Ne2 c5 21.Ng3 Bg6 
22.Re1 Rae8 23.Ne4 Bh4 24.g3 Bxe4 25.Rxe4 Bg5 26.Bd5 Kd6 27.Rxe8 Rxe8 28.
Be4 c4 29.Rd1 Rxe4 30.fxe4 Ke5 31.Kf2 Kxe4 32.Ke2 b3 33.cxb3 d3+ 34.Ke1 
cxb3 35.Ra1 Kf3 36.Ra3 1-0

[Event "N4"]
[Site "Boomscud"]
[Date "2007.04.01"]
[Round "7.1"]
[White "Noll, Dominik"]
[Black "Lemoine, Benoit"]
[Result "0-1"]
[WhiteElo "2100"]
[BlackElo "2132"]
[EventDate "2007.??.??"]
[PlyCount "118"]

1.e4 c5 2.Nf3 d6 3.d4 cxd4 4.Nxd4 Nf6 5.Nc3 g6 6.Be3 Bg7 7.f3 O-O 8.Bc4 
Nc6 9.Qd2 Bd7 10.Bb3 Qa5 11.O-O-O Rfc8 12.g4 Ne5 13.h4 Nc4 14.Bxc4 Rxc4 
15.Nb3 Qa6 16.h5 Rac8 17.hxg6 fxg6 18.e5 Ne8 19.Qh2 h5 20.Rd5 Rxc3 21.bxc3
Qc4 22.Qd2 hxg4 23.fxg4 Bxg4 24.Rd4 Qe6 25.exd6 Nxd6 26.Bh6 Nf5 27.Rd8+ 
Kf7 28.Bxg7 Nxg7 29.Rhh8 Rxd8 30.Qxd8 g5 31.Nd4 Qe3+ 32.Kb2 Kg6 33.Qg8 Qe5
34.Qh7+ Kf7 35.Qg8+ Kg6 36.Qh7+ Kf7 37.Rd8 Qf6 38.Qg8+ Kg6 39.Rf8 Qb6+ 40.
Kc1 Qc5 41.Qf7+ Kh7 42.Rg8 Qe5 43.Rd8 Qf4+ 44.Qxf4 gxf4 45.Rf8 e5 46.Nb3 
Kg6 47.Kd2 Ne6 48.Re8 Kf7 49.Rb8 b6 50.Rb7+ Kf6 51.Rxa7 e4 52.Nd4 e3+ 53.
Ke1 Nxd4 54.cxd4 f3 55.Rh7 f2+ 56.Kf1 Bc8 57.c4 Bf5 58.Rh1 Bd3+ 59.Kg2 
Be4+ 0-1

[Event "Interclubs: EVT-Gambit de Muret"]
[Site "?"]
[Date "2007.04.01"]
[Round "?"]
[White "Zarrouti, Pierre"]
[Black "Hervet, Gilles"]
[Result "1-0"]
[WhiteElo "2154"]
[BlackElo "2090"]
[EventDate "2007.??.??"]
[PlyCount "71"]

1.d4 Nf6 2.Nf3 c5 3.d5 b5 4.c4 Bb7 5.a4 bxc4 6.Nc3 g6 7.e4 d6 8.Bxc4 Bg7 
9.O-O O-O 10.h3 Ba6 11.Bb5 Bxb5 12.axb5 Ne8 13.Bf4 Nd7 14.Qe2 Nc7 15.Rfd1 
Bxc3 16.bxc3 f6 17.Rdb1 Nb6 18.Nd2 Qd7 19.Bh6 Rf7 20.Ra3 Kh8 21.c4 g5 22.
Qh5 e5 23.Rba1 Ne8 24.Ra6 Nc8 25.Nf1 f5 26.Ng3 fxe4 27.Nxe4 Qf5 28.Nxg5 
Qxf2+ 29.Kh1 Re7 30.Bg7+ Rxg7 31.Qxe8+ Rg8 32.Qh5 Rg7 33.h4 Ne7 34.Rxa7 
Rag8 35.b6 Ng6 36.Qxh7+ 1-0

[Event "Interclubs: EVT-Gambit de Muret"]
[Site "?"]
[Date "2007.04.01"]
[Round "?"]
[White "Pokee, Anne"]
[Black "Pastorelli, Loïc"]
[Result "1-0"]
[WhiteElo "1977"]
[BlackElo "1808"]
[EventDate "2007.??.??"]
[PlyCount "78"]

1.e4 c5 2.Nf3 Nc6 3.c3 e6 4.d4 cxd4 5.cxd4 d5 6.exd5 Qxd5 7.Nc3 Bb4 8.Be2 
Nge7 9.O-O Qd7 10.Ne4 O-O 11.Bf4 Qd5 12.Qd3 Ng6 13.Bg3 a6 14.Rfc1 Be7 15.
h4 f5 16.Nc3 Qd8 17.h5 Nh4 18.d5 Nb4 19.Qd4 Nxf3+ 20.Bxf3 Nc6 21.Qa4 Nb4 
22.Rd1 Bd7 23.Qb3 Qa5 24.a3 Nxd5 25.Nxd5 exd5 26.Qxd5+ Qxd5 27.Bxd5+ Kh8 
28.Bxb7 Bb5 29.Bxa8 Rxa8 30.Rd5 Rf8 31.Bd6 Bxd6 32.Rxd6 h6 33.Rad1 Rf7 34.
Rd8+ Kh7 35.R1d6 f4 36.Rb6 f3 37.Rbb8 g5 38.Rh8+ Kg7 39.Rbg8+ Kf6 1-0

[Event "Interclubs: EVT-Gambit de Muret"]
[Site "?"]
[Date "2007.04.01"]
[Round "?"]
[White "Partinico, Jemery"]
[Black "Cesbron, Guy"]
[Result "0-1"]
[WhiteElo "2104"]
[BlackElo "1964"]
[EventDate "2007.??.??"]
[PlyCount "92"]

1.e4 Nf6 2.e5 Nd5 3.c4 Nb6 4.d4 d6 5.f4 g6 6.Nc3 Bg7 7.Nf3 O-O 8.Be2 dxe5 
9.fxe5 c5 10.d5 e6 11.O-O Na6 12.Bg5 f6 13.exf6 Bxf6 14.Bh6 Bg7 15.Qd2 
exd5 16.cxd5 Bf5 17.Bxg7 Kxg7 18.Ng5 Qd6 19.Nce4 Qxd5 20.Qxd5 Nxd5 21.Bxa6
bxa6 22.Nxc5 Rae8 23.Rae1 Rxe1 24.Rxe1 Rc8 25.Rc1 Kg8 26.h3 Nf4 27.Kf2 
Rxc5 28.Rd1 Rd5 29.Rxd5 Nxd5 30.g4 Bb1 31.a3 Nf4 32.Ke3 Nd5+ 33.Kd2 h6 34.
Ne6 Kf7 35.Nd8+ Ke7 36.Nc6+ Kd6 37.Nd4 g5 38.b4 Nf4 39.b5 Kc5 40.Nc6 axb5 
41.Nxa7 Nxh3 42.Ke3 Nf4 43.Nc8 Nd5+ 44.Kf3 Bg6 45.Na7 Bf7 46.Ke4 Be6 0-1

[Event "Interclubs: EVT-Gambit de Muret"]
[Site "?"]
[Date "2007.04.01"]
[Round "?"]
[White "Le Digabel, Patrick"]
[Black "Breton, Yves"]
[Result "0-1"]
[WhiteElo "1670"]
[BlackElo "1950"]
[EventDate "2007.??.??"]
[PlyCount "70"]

1.e4 e6 2.d4 d5 3.e5 c5 4.c3 Nc6 5.Nf3 cxd4 6.cxd4 Nge7 7.Bd3 Nf5 8.Bxf5 
exf5 9.O-O Be7 10.a3 Be6 11.b4 g5 12.Qd2 Rg8 13.h3 g4 14.hxg4 fxg4 15.Nh2 
Bg5 16.Qd3 Bxc1 17.Rxc1 Qg5 18.Qe3 g3 19.Qxg5 gxh2+ 20.Kxh2 Rxg5 21.Rd1 
Rg4 22.Nc3 a6 23.Ne2 O-O-O 24.g3 h5 25.Rac1 h4 26.Rc3 hxg3+ 27.fxg3 Kb8 
28.Rf3 Re4 29.Rd2 Bg4 30.Rf2 Bxe2 31.Rfxe2 Rxe2+ 32.Rxe2 Nxd4 33.Rf2 Rd7 
34.g4 Nc6 35.Kg3 Nxe5 0-1

[Event "Interclubs: EVT-Gambit de Muret"]
[Site "?"]
[Date "2007.04.01"]
[Round "?"]
[White "Lamy, Loïc"]
[Black "Boukhris-Ferre, Yacine"]
[Result "1-0"]
[WhiteElo "2062"]
[BlackElo "1855"]
[EventDate "2007.??.??"]
[PlyCount "63"]

1.e4 e6 2.d4 d5 3.e5 c5 4.c3 Nc6 5.Nf3 Qb6 6.Bd3 cxd4 7.cxd4 Bd7 8.O-O 
Nxd4 9.Nxd4 Qxd4 10.Nc3 a6 11.Re1 Ne7 12.Be3 Qxe5 13.Bc5 Qc7 14.b4 b6 15.
Bd4 Qb7 16.b5 axb5 17.Bxb5 Bxb5 18.Nxb5 Nf5 19.Rc1 Nd6 20.Bxg7 Nxb5 21.
Bxh8 Rxa2 22.Qh5 Nc7 23.Bf6 b5 24.Rxc7 Qxc7 25.Rxe6+ Be7 26.g3 Qc1+ 27.Kg2
Ra7 28.Re5 Qc6 29.Qg5 d4+ 30.Kh3 Kd8 31.Bxe7+ Rxe7 32.Qxe7+ 1-0

[Event "Interclubs: EVT-Gambit de Muret"]
[Site "?"]
[Date "2007.04.01"]
[Round "?"]
[White "Freshwater, James"]
[Black "Saubiette, Cyrille"]
[Result "0-1"]
[WhiteElo "1170"]
[BlackElo "1860"]
[EventDate "2007.??.??"]
[PlyCount "144"]

1.d4 Nf6 2.Nf3 d5 3.Bf4 Bf5 4.e3 e6 5.Nbd2 h6 6.c4 Nbd7 7.Qb3 Qc8 8.Qc3 
Bd6 9.Bxd6 cxd6 10.Nh4 Bh7 11.Bd3 O-O 12.Bxh7+ Nxh7 13.e4 Qd8 14.Qg3 dxc4 
15.Nxc4 d5 16.Nd6 Qa5+ 17.Qc3 Qxc3+ 18.bxc3 dxe4 19.Nxe4 Rac8 20.Rb1 Nb6 
21.O-O Ng5 22.Nc5 Rc7 23.f4 Nh7 24.f5 e5 25.Rfe1 Re8 26.Nf3 f6 27.Rb5 Nc4 
28.Nxb7 e4 29.Nh4 Ree7 30.Nc5 Nd6 31.Rb8+ Kf7 32.Rd8 Rc6 33.Rh8 Nf8 34.Ne6
Nxe6 35.Ng6 Nxf5 36.d5 Kxg6 37.dxc6 Nc7 38.Rd8 Re6 39.g4 Ne7 40.Rd7 Ncd5 
41.c7 Nb6 42.c8=Q Nbxc8 43.Rc7 Kg5 44.h3 g6 45.Rc5+ f5 46.Kg2 Kf6 47.Rf1 
Re5 48.Rc4 Kg5 49.Ra4 Nd5 50.Kg3 f4+ 51.Kh2 Nxc3 52.Ra3 Ne2 53.Rf2 f3 54.
Ra6 Nb6 55.Rxa7 Nc4 56.a4 Nd2 57.Kh1 e3 58.h4+ Kxh4 59.Rh2+ Kg5 60.Rg7 Kf6
61.Rg8 Re7 62.Rxh6 Nf4 63.Rc8 f2 64.Rc1 e2 65.Rc6+ Re6 66.Rxe6+ Kxe6 67.
Kh2 Nf1+ 68.Kh1 e1=Q 69.Rxg6+ Nxg6 70.Kg2 Nd2 71.a5 f1=Q+ 72.Kh2 Nf3# 0-1

[Event "Interclubs: EVT-Gambit de Muret"]
[Site "?"]
[Date "2007.04.01"]
[Round "?"]
[White "Boukhris, Khaled"]
[Black "Arioli, Claude"]
[Result "0-1"]
[WhiteElo "1860"]
[BlackElo "1960"]
[EventDate "2007.??.??"]
[PlyCount "104"]

1.Nf3 Nf6 2.d4 d5 3.Bf4 e6 4.e3 c5 5.c3 Nc6 6.Nbd2 cxd4 7.exd4 Bd6 8.Bg5 
O-O 9.Bd3 e5 10.dxe5 Nxe5 11.Nxe5 Bxe5 12.Nf3 Bc7 13.Qc2 Re8+ 14.Kf1 h6 
15.Bh4 Bf4 16.Nd4 Qb6 17.Qb3 Qd6 18.Bg3 Ne4 19.Bxe4 dxe4 20.Re1 Bd7 21.
Bxf4 Qxf4 22.Re3 b5 23.h3 Qh4 24.Rg1 Kh7 25.g4 Rab8 26.Qc2 g6 27.Rgg3 f5 
28.Ne2 fxg4 29.Rxe4 Bf5 30.Rxe8 Bxc2 31.Rxb8 gxh3 32.Rb7+ Kg8 33.Re3 Qd8 
34.Nd4 h2 35.Rh3 h1=Q+ 36.Rxh1 Be4 37.Rg7+ Kxg7 38.Ne6+ Kh7 39.Nxd8 Bxh1 
40.Ne6 Bd5 41.Nd4 Bxa2 42.b4 h5 43.Kg2 a6 44.Kg3 Kg7 45.f4 Bd5 46.Kh4 Kf6 
47.f5 gxf5 48.Kxh5 Ke5 49.Kg5 f4 50.Kg4 Ke4 51.Kh4 f3 52.Kg3 Kd3 0-1

[Event "Interclubs: EVT-Gambit de Muret"]
[Site "?"]
[Date "2007.04.01"]
[Round "?"]
[White "Alonso, Jesus"]
[Black "Thirion, Patrick"]
[Result "0-1"]
[WhiteElo "1790"]
[BlackElo "1650"]
[EventDate "2007.??.??"]
[PlyCount "142"]

1.e4 e6 2.Nf3 d5 3.e5 c5 4.d4 Nc6 5.Bb5 Bd7 6.Bxc6 bxc6 7.O-O cxd4 8.Qxd4 
Ne7 9.Qf4 Ng6 10.Qg3 Be7 11.Nc3 O-O 12.Ne2 f5 13.Nf4 Nxf4 14.Bxf4 Kh8 15.
h4 Qe8 16.Rac1 c5 17.Bg5 Bxg5 18.Qxg5 h6 19.Qf4 Qh5 20.b4 Qg4 21.Qxg4 fxg4
22.Nh2 Bb5 23.Rfe1 h5 24.c3 cxb4 25.cxb4 Bc4 26.a3 a5 27.f3 axb4 28.axb4 
Rab8 29.Rb1 g3 30.Nf1 Bxf1 31.Rxf1 Rf4 32.b5 Kh7 33.Rfc1 Rc4 34.Rxc4 dxc4 
35.Kf1 c3 36.f4 Kg6 37.Ke2 c2 38.Rc1 Rxb5 39.Rxc2 Rb3 40.Rc7 Rb2+ 41.Kf3 
Rb3+ 42.Ke4 Rb4+ 43.Ke3 Rb3+ 44.Kd4 Rb4+ 45.Kc5 Rxf4 46.Kd6 Rxh4 47.Kxe6 
Re4 48.Rc2 Rf4 49.Rc3 h4 50.Ke7 Ra4 51.e6 Ra7+ 52.Kd6 Kf6 53.Rf3+ Kg6 54.
e7 Ra6+ 55.Kc5 Ra5+ 56.Kd4 Ra4+ 57.Kd3 Ra3+ 58.Kc2 Ra2+ 59.Kb3 Re2 60.Rf4 
Rxe7 61.Rxh4 Kg5 62.Rh3 Kg4 63.Rh1 Re2 64.Rg1 Kf4 65.Kc4 Ke5 66.Rf1 Rxg2 
67.Rf7 g5 68.Re7+ Kf4 69.Kd3 Ra2 70.Rf7+ Kg4 71.Ke3 g2 0-1

[Event "N4"]
[Site "Boomscud"]
[Date "2007.04.02"]
[Round "7.8"]
[White "Phalippou, Philippe"]
[Black "Ajdari, Emmanuel"]
[Result "*"]
[WhiteElo "1690"]
[BlackElo "1499"]
[EventDate "2007.??.??"]
[PlyCount "75"]

1.e4 c5 2.d4 cxd4 3.Nf3 e6 4.Nxd4 Qb6 5.Nb3 Nc6 6.Be3 Qc7 7.Bd3 Nf6 8.N1d2
d5 9.O-O Bd6 10.f4 dxe4 11.Nxe4 Nxe4 12.Bxe4 b6 13.Nd4 Nxd4 14.Bxd4 Bb7 
15.Qf3 Bxe4 16.Qxe4 O-O 17.Rf3 Bc5 18.Rg3 Bxd4+ 19.Qxd4 g6 20.Rc3 Qe7 21.
Qe5 Rac8 22.Rd1 Rfd8 23.Rxc8 Rxc8 24.c3 Rd8 25.Rxd8+ Qxd8 26.Qd4 Qxd4+ 27.
cxd4 Kf8 28.Kf2 Ke7 29.Ke3 Kd6 30.g4 f5 31.gxf5 gxf5 32.a4 a6 33.b3 Kd5 
34.Kd3 b5 35.axb5 axb5 36.Ke3 h5 37.Kd3 Kc6 38.Kc3 *

[Event "Nationale 4"]
[Site "Tournefeuille"]
[Date "2007.10.21"]
[Round "1.8"]
[White "Moruzzi, Gérard"]
[Black "Gerothwohl, Tristan"]
[Result "1/2-1/2"]
[WhiteElo "1560"]
[BlackElo "1480"]
[EventDate "2007.??.??"]
[PlyCount "137"]
[WhiteTeam "Tournefeuille2"]
[BlackTeam "Cahors"]

1.e4 c5 2.Nf3 Nc6 3.d4 cxd4 4.Nxd4 Nf6 5.Nc3 e5 6.Nf3 d6 7.Bg5 Be7 8.Bxf6 
Bxf6 9.Nd5 Be6 10.c3 Be7 11.Bb5 a6 12.Be2 O-O 13.O-O f5 14.Bd3 fxe4 15.
Bxe4 Bf5 16.Qd3 Qd7 17.Rad1 Rad8 18.Rfe1 Bxe4 19.Qxe4 h6 20.a3 b5 21.c4 
bxc4 22.Qxc4 a5 23.Nb6+ d5 24.Rxd5 Qe6 25.Rxd8 Nxd8 26.Qxe6+ Nxe6 27.Nxe5 
Bc5 28.Nd3 Bxb6 29.Rxe6 Bd4 30.Re2 Rd8 31.g3 Bf6 32.Nc5 Rd5 33.Ne4 Rb5 34.
Nxf6+ gxf6 35.Kf1 Kg7 36.Ke1 Kg6 37.Rc2 h5 38.f3 Rb3 39.Kf2 a4 40.h3 Kg5 
41.h4+ Kg6 42.f4 Kf5 43.Rc4 Rxb2+ 44.Kg1 Rb3 45.Rxa4 Rxg3+ 46.Kh2 Rd3 47.
Ra6 Rd4 48.Ra5+ Kg4 49.Kg2 Rd2+ 50.Kf1 Ra2 51.Ra4 f5 52.Ke1 Kxh4 53.Ra8 
Kg4 54.a4 h4 55.Kf1 h3 56.Kg1 Kf3 57.Rh8 Kg3 58.Rg8+ Kxf4 59.Rh8 Kg3 60.
Rg8+ Kf3 61.Rh8 Rxa4 62.Rxh3+ Kg4 63.Rb3 f4 64.Kf2 Ra2+ 65.Kf1 f3 66.Rb8 
Kg3 67.Rg8+ Kf4 68.Rf8+ Ke3 69.Re8+ 1/2-1/2

[Event "Nationale 4"]
[Site "Tournefeuille"]
[Date "2007.10.21"]
[Round "1.7"]
[White "Houmeau, Dominique"]
[Black "Thompson, Olivier"]
[Result "1-0"]
[WhiteElo "1560"]
[BlackElo "1699"]
[EventDate "2007.??.??"]
[PlyCount "81"]
[WhiteTeam "Cahors"]
[BlackTeam "Tournefeuille2"]

1.e4 e5 2.Nf3 Nf6 3.d3 Nc6 4.c3 d5 5.Nbd2 dxe4 6.dxe4 Nxe4 7.Nxe4 Qxd1+ 8.
Kxd1 Bf5 9.Bd3 O-O-O 10.Kc2 g6 11.Bg5 Be7 12.Bxe7 Nxe7 13.Nxe5 Bxe4 14.
Bxe4 Rhf8 15.Rad1 f6 16.Rxd8+ Kxd8 17.Rd1+ Kc8 18.Nd7 Rf7 19.Nc5 Nc6 20.
Bxc6 bxc6 21.Re1 Rf8 22.Re7 Rd8 23.Rxh7 Rd5 24.b4 a5 25.a3 Kb8 26.Rh6 axb4
27.axb4 Rg5 28.g3 Ka7 29.Ne6 Re5 30.Nd4 Kb6 31.Rxg6 c5 32.Rxf6+ c6 33.
Rxc6+ Kb7 34.Rxc5 Rxc5 35.bxc5 Kc7 36.h4 Kd7 37.h5 Ke7 38.h6 Kf7 39.c6 Kg6
40.c7 Kxh6 41.c8=Q 1-0

[Event "Nationale 4"]
[Site "Tournefeuille"]
[Date "2007.10.21"]
[Round "1.6"]
[White "Moisselin, Simon"]
[Black "Nouvel, Denis"]
[Result "0-1"]
[WhiteElo "1640"]
[BlackElo "1570"]
[EventDate "2007.??.??"]
[PlyCount "44"]
[WhiteTeam "Tournefeuille2"]
[BlackTeam "Cahors"]

1.e4 e5 2.Nf3 Nc6 3.Bc4 Nf6 4.Ng5 d5 5.exd5 Na5 6.Bb5+ c6 7.dxc6 bxc6 8.
Ba4 h6 9.Nf3 e4 10.Qe2 Be7 11.Ne5 Qd5 12.d4 exd3 13.Nxd3 Qxg2 14.Rf1 Qd5 
15.Nb4 Qd7 16.Bd2 O-O 17.Rg1 Bxb4 18.Bxb4 Re8 19.Bxa5 Rxe2+ 20.Kxe2 Ba6+ 
21.c4 Bxc4+ 22.Ke3 Re8+ 0-1

[Event "Nationale 4"]
[Site "Tournefeuille"]
[Date "2007.10.21"]
[Round "1.5"]
[White "Dehaine, Guy"]
[Black "Taravaud, Evelyne"]
[Result "0-1"]
[WhiteElo "1770"]
[BlackElo "1670"]
[EventDate "2007.??.??"]
[PlyCount "86"]
[WhiteTeam "Cahors"]
[BlackTeam "Tournefeuille2"]

1.e4 c5 2.Nc3 Nc6 3.Nf3 d6 4.Bc4 e6 5.Be2 Be7 6.d3 a6 7.Bf4 Nd4 8.Nxd4 
cxd4 9.Nb1 e5 10.Bd2 Nf6 11.c3 b5 12.cxd4 exd4 13.Bf4 O-O 14.Bf3 Bb7 15.
Nd2 Nd7 16.Nb3 Qb6 17.Rc1 Ne5 18.Be2 Ng6 19.Bd2 a5 20.Bg4 a4 21.Na1 Ne5 
22.Be2 f5 23.f4 Nd7 24.Bf3 Nc5 25.Qe2 Rae8 26.O-O Ba6 27.Bb4 Bb7 28.Bxc5 
dxc5 29.e5 c4 30.Bxb7 Qxb7 31.dxc4 Qb6 32.Kh1 b4 33.Nc2 Bc5 34.Ne1 Rd8 35.
Qd3 Qc6 36.Nf3 Qe4 37.Qxe4 fxe4 38.Ng5 e3 39.Ne6 d3 40.Nxc5 d2 41.g3 
dxc1=Q 42.Rxc1 e2 43.Kg2 Rd1 0-1

[Event "Nationale 4"]
[Site "Tournefeuille"]
[Date "2007.10.21"]
[Round "1.4"]
[White "Marni-Sandid, Tarik"]
[Black "Rouqual, Guy"]
[Result "0-1"]
[WhiteElo "1602"]
[BlackElo "1850"]
[EventDate "2007.??.??"]
[PlyCount "74"]
[WhiteTeam "Tournefeuille2"]
[BlackTeam "Cahors"]

1.e4 c6 2.c4 d5 3.Nc3 dxe4 4.Nxe4 Bf5 5.Ng3 Bd3 6.Nf3 Bxf1 7.Nxf1 Qd3 8.
Ne3 Nd7 9.Qc2 Nc5 10.b4 Qxc2 11.Nxc2 Nd3+ 12.Ke2 Rd8 13.g3 Nxc1+ 14.Raxc1 
e6 15.d4 Nf6 16.Nd2 Be7 17.f3 O-O 18.Ne4 Rfe8 19.Nxf6+ Bxf6 20.Rhd1 Rd7 
21.f4 Red8 22.Ke3 e5 23.fxe5 Bg5+ 24.Ke4 Bxc1 25.Rxc1 g6 26.Rd1 Kg7 27.a4 
f6 28.exf6+ Kxf6 29.Ne3 b6 30.Ng4+ Kg5 31.Ne5 Re7 32.h4+ Kf6 33.Rf1+ Kg7 
34.Rf3 c5 35.bxc5 bxc5 36.Kf4 Rxd4+ 37.Ke3 Rxe5+ 0-1

[Event "Nationale 4"]
[Site "Tournefeuille"]
[Date "2007.10.21"]
[Round "1.3"]
[White "Thamier, Stéphane"]
[Black "Pinault, Maïlys"]
[Result "1/2-1/2"]
[WhiteElo "1890"]
[BlackElo "1720"]
[EventDate "2007.??.??"]
[PlyCount "68"]
[WhiteTeam "Cahors"]
[BlackTeam "Tournefeuille2"]

1.e4 e6 2.Nc3 d5 3.exd5 exd5 4.d4 c6 5.Nf3 Nf6 6.Be2 Bb4 7.O-O O-O 8.Bg5 
Bf5 9.Ne5 Qd6 10.Bd3 Bxd3 11.Qxd3 Bxc3 12.Bxf6 Qxf6 13.Qxc3 Qd6 14.Qb3 Qc7
15.Rae1 Nd7 16.Re3 Rfe8 17.Rfe1 Nxe5 18.Rxe5 Rxe5 19.Rxe5 f6 20.Re2 Qb6 
21.Qc3 Kf7 22.Qe1 Qc7 23.h3 Qd7 24.f3 Re8 25.Kf2 Rxe2+ 26.Qxe2 Qc7 27.c3 
Qa5 28.a3 b5 29.Qc2 h6 30.Qf5 Qc7 31.Qh5+ Kf8 32.Qf5 Kf7 33.Qh5+ Kf8 34.
Qf5 Kf7 1/2-1/2

[Event "Nationale 4"]
[Site "Tournefeuille"]
[Date "2007.10.21"]
[Round "1.2"]
[White "Garrel, Pascal"]
[Black "Nivat, Alain"]
[Result "1-0"]
[WhiteElo "1772"]
[BlackElo "1866"]
[EventDate "2007.??.??"]
[PlyCount "55"]
[WhiteTeam "Tournefeuille2"]
[BlackTeam "Cahors"]

1.d4 d5 2.Nf3 c5 3.c4 e6 4.cxd5 exd5 5.Nc3 Nf6 6.Bg5 Be7 7.dxc5 O-O 8.e3 
Nc6 9.Be2 Be6 10.O-O Bxc5 11.Rc1 Bd6 12.Nd4 h6 13.Bh4 Bxh2+ 14.Kxh2 Ng4+ 
15.Bxg4 Qxh4+ 16.Bh3 Bxh3 17.gxh3 f5 18.Nxd5 Rad8 19.Qb3 Ne5 20.f4 Ng4+ 
21.Kg2 Kh8 22.hxg4 Qxg4+ 23.Kf2 Qh4+ 24.Ke2 Qh2+ 25.Rf2 Qh5+ 26.Kd2 Rf7 
27.Rc7 Rxd5 28.Qxd5 1-0

[Event "Nationale 4"]
[Site "Tournefeuille"]
[Date "2007.10.21"]
[Round "1.1"]
[White "Van Hall, Pieter"]
[Black "Tarayre, Pascal"]
[Result "0-1"]
[WhiteElo "2010"]
[BlackElo "1809"]
[EventDate "2007.??.??"]
[PlyCount "46"]
[WhiteTeam "Cahors"]
[BlackTeam "Tournefeuille2"]

1.c4 Nf6 2.Nc3 e5 3.g3 Nc6 4.Bg2 Bc5 5.Nf3 d6 6.O-O a6 7.a3 Be6 8.d3 Qc8 
9.Bg5 Ng4 10.b4 Ba7 11.Nd5 f6 12.Bd2 h5 13.Rc1 h4 14.Nxh4 Kf7 15.Be4 g5 
16.Nf3 Nxh2 17.Nxh2 Rxh2 18.Nxc7 Qh8 19.Nxe6 Qh3 20.Nxg5+ fxg5 21.e3 Rh8 
22.Qf3+ Ke7 23.Rce1 g4 0-1